Language families of Australia with a map - Statistics

General Stats
  • This quiz has been taken 159 times
  • The average score is 6 of 24
Answers on the Map
Answers color-coded by a green-red scale on the quiz's map according to % correct below.
 
Answer Stats
Family % Correct
Pama-Nyungan
77%
{Western} Tasmanian
71%
{Northeastern} Tasmanian
52%
{Southeastern} Tasmanian
49%
Eastern Daly
36%
Northern Daly
36%
Southern Daly
35%
Western Daly
34%
Worrorran
23%
Jarrakan
21%
Gunwinyguan
18%
Mirndi
18%
Bunaban
17%
Eastern Trans-Fly
17%
Nyulnyulan
17%
Garrwan
16%
Tangkic
16%
Iwaidjan
13%
Maningrida
12%
Mangarrayi-Maran
10%
Giimbiyu
9%
Limilngan-Wulna
8%
Yangmanic
8%
Marrku-Wurrugu
6%
No matching quizzes found
Score Distribution
Percent of People with Each Score
Percentile by Number Answered
Your Score History
You have not taken this quiz